000 00546nam a2200133Ia 4500
008 100328s9999 xx 000 0 und d
082 _b71574
100 _aकुलकर्णी दिलीप-अनु.
245 _aवैदिक गणित-भाग-1(गुणाकार)
260 _bदिलीप दत्तात्रय कुलकर्णी
630 _aवैदिक गणित-भाग-1(गुणाकार)
730 _aवैदिक गणित-भाग-1(गुणाकार)
942 _cBOOK
999 _c557298
_d557295